<?xml version="1.0" encoding="UTF-8"?>
<record
    xmlns:xsi="http://www.w3.org/2001/XMLSchema-instance"
    xsi:schemaLocation="http://www.loc.gov/MARC21/slim http://www.loc.gov/standards/marcxml/schema/MARC21slim.xsd"
    xmlns="http://www.loc.gov/MARC21/slim">

  <leader>01332nam a22002777a 4500</leader>
  <controlfield tag="003">DO-CoUTE</controlfield>
  <controlfield tag="005">20260516141446.0</controlfield>
  <controlfield tag="008">260516b        dr ||||| |||| 00| 0 spa d</controlfield>
  <datafield tag="040" ind1=" " ind2=" ">
    <subfield code="a">DO-CoUTE</subfield>
    <subfield code="b">spa</subfield>
    <subfield code="c">DO-CoUTE</subfield>
  </datafield>
  <datafield tag="041" ind1=" " ind2=" ">
    <subfield code="a">spa</subfield>
  </datafield>
  <datafield tag="092" ind1=" " ind2=" ">
    <subfield code="a">INF 2025 R63</subfield>
  </datafield>
  <datafield tag="100" ind1="1" ind2=" ">
    <subfield code="a">Rond&#xF3;n, Mar&#xED;a Yinet </subfield>
    <subfield code="e">Sustentante </subfield>
  </datafield>
  <datafield tag="245" ind1="1" ind2="0">
    <subfield code="a">Sistema Interactivo Adaptado a Estudiantes con Necesidades Especiales, Distrito Educativo 16-01 de Cotu&#xED; / </subfield>
    <subfield code="c">Mar&#xED;a Yinet Rond&#xF3;n, Amauri L&#xF3;pez Rond&#xF3;n, Maicol Junior Florentino Brito, Juli&#xE1;n Enmanuel Castro Merejildo ; Asesor, Jos&#xE9; Giordany Severino Cruz.</subfield>
  </datafield>
  <datafield tag="260" ind1=" " ind2=" ">
    <subfield code="a">Cotu&#xED;, Rep&#xFA;blica Dominicana ; </subfield>
    <subfield code="b">UTECO, </subfield>
    <subfield code="c">2025</subfield>
  </datafield>
  <datafield tag="300" ind1=" " ind2=" ">
    <subfield code="a">51 Hojas : </subfield>
    <subfield code="b">Imagenes ; </subfield>
    <subfield code="c">23cm, </subfield>
    <subfield code="e">+ 1 CD-ROM </subfield>
  </datafield>
  <datafield tag="502" ind1=" " ind2=" ">
    <subfield code="a">Trabajo de Grado (Licenciatura en Inform&#xE1;tica) Universidad Tecnol&#xF3;gica del Cibao Oriental, 2025. 
</subfield>
  </datafield>
  <datafield tag="504" ind1=" " ind2=" ">
    <subfield code="a">Incluye referencia bibliogr&#xE1;fica e &#xED;ndice.

</subfield>
  </datafield>
  <datafield tag="650" ind1=" " ind2="4">
    <subfield code="a">Necesidades especiales </subfield>
  </datafield>
  <datafield tag="700" ind1="1" ind2=" ">
    <subfield code="a">Mar&#xED;a Yinet Rond&#xF3;n </subfield>
    <subfield code="e">Sustentante </subfield>
  </datafield>
  <datafield tag="700" ind1="1" ind2=" ">
    <subfield code="a">Amauri L&#xF3;pez Rond&#xF3;n</subfield>
    <subfield code="e">Sustentante </subfield>
  </datafield>
  <datafield tag="700" ind1="1" ind2=" ">
    <subfield code="a">Maicol Junior Florentino Brito </subfield>
    <subfield code="e">Sustentante </subfield>
  </datafield>
  <datafield tag="700" ind1="1" ind2=" ">
    <subfield code="a">Jos&#xE9; Giordany Severino Cruz</subfield>
    <subfield code="e">Asesor </subfield>
  </datafield>
  <datafield tag="830" ind1=" " ind2=" ">
    <subfield code="a">Tesis y disertaciones acad&#xE9;micas (Universidad Tecnol&#xF3;gica del Cibao Oriental)</subfield>
  </datafield>
  <datafield tag="856" ind1=" " ind2=" ">
    <subfield code="y">Haga Click Aqu&#xED; para Descargar en Texto Completo</subfield>
  </datafield>
  <datafield tag="942" ind1=" " ind2=" ">
    <subfield code="2">ddc</subfield>
    <subfield code="c">TH</subfield>
  </datafield>
  <datafield tag="999" ind1=" " ind2=" ">
    <subfield code="c">24193</subfield>
    <subfield code="d">24193</subfield>
  </datafield>
  <datafield tag="952" ind1=" " ind2=" ">
    <subfield code="0">0</subfield>
    <subfield code="1">0</subfield>
    <subfield code="2">ddc</subfield>
    <subfield code="4">0</subfield>
    <subfield code="7">0</subfield>
    <subfield code="8">eT</subfield>
    <subfield code="a">BU</subfield>
    <subfield code="b">BU</subfield>
    <subfield code="c">GEN</subfield>
    <subfield code="d">2026-05-16</subfield>
    <subfield code="i">24193</subfield>
    <subfield code="l">0</subfield>
    <subfield code="o">INF 2025 R63</subfield>
    <subfield code="p">24193</subfield>
    <subfield code="r">2026-05-16 14:15:29</subfield>
    <subfield code="t">Ej.1</subfield>
    <subfield code="w">2026-05-16</subfield>
    <subfield code="y">TH</subfield>
  </datafield>
</record>
